| 000 | 01847ngm a2200385 4500 | ||
|---|---|---|---|
| 003 | dpl | ||
| 005 | 20080723110517.0 | ||
| 007 | DVD | ||
| 008 | ||||||sp199 xxu|||||c|||| 00| 0 eng d | ||
| 010 | _aDVD-000224-247 | ||
| 024 |
_aOOP66 _c499.00 |
||
| 035 | _aDVD-000224-247 | ||
| 040 | _aDPL | ||
| 082 | _aDVD / FREA | ||
| 245 |
_aFreaky Friday _cWalt Disney Pictures presents _h[videorecording] DVD/ |
||
| 246 | _a. | ||
| 250 | _aSpecial Edition | ||
| 260 |
_aBurbank, CA: _bWalt Disney Home Video, _cp1997. |
||
| 300 |
_a1 videodisc DVD; (97 min.) : _bsd., col. ; _c4 3/4 in. _fDVD |
||
| 440 | _aWalt Disney's Home Entertainment | ||
| 500 | _aSpecial Features: Backstage Pass With Lohan, Freaky Bloopers, Alternate Endings | ||
| 500 | _aSole Distributor in India M/s. Excel Productions Autio Visuals Pvt. Ltd. | ||
| 538 | _aDolby Digital 5.1-English, Thai Subtitles: English, Thai, Korean, Bahasan, Mandarin | ||
| 538 | _aAspect Ratio: 1.85:1, Presentation type: Wide Screne, Presentation Size 16x9, Format DVD 9 Dual Layer Single Sided Disc. | ||
| 650 | _aMotion Picture | ||
| 700 | _aLohan, Lindsay | ||
| 700 | _aGould, Harold | ||
| 700 | _aMurray, Chad Michael | ||
| 700 | _aHarmon, Mark | ||
| 942 |
_cCF _2ddc _hDVD _mFREA |
||
| 999 |
_c15364 _d15364 |
||